Brandenburg concertos /

Bibliographic Details
Main Author: Bach, Johann Sebastian, 1685-1750
Corporate Author: Boston Baroque (Musical group)
Other Authors: Pearlman, Martin, 1945- (Conductor)
Format: CD Audio
Published: Cleveland, OH : Telarc, [1993]
Subjects:

MARC

Tag First Indicator Second Indicator Subfields
LEADER 00000cjm a2200000 a 4500
001 in00001406563
005 20151020072754.0
007 sd fsngnn|||ed
008 930730s1993 ohucgn i N/A d
024 1 |a 8940803542 
028 0 2 |a CD-80354  |b Telarc 
035 |a (OCoLC)28544724 
035 |9 AHQ3507AM 
040 |a JBL  |c JBL  |d SXP  |d TXA  |d UtOrBLW 
041 0 |g eng  |g ger  |g fre 
049 |a TXAV 
090 |a M1040.B13  |b B73 1993 
092 |a 785/ 
100 1 |a Bach, Johann Sebastian,  |d 1685-1750. 
240 1 0 |a Brandenburgische Konzerte.  |k Selections 
245 1 0 |a Brandenburg concertos /  |c Bach. 
264 1 |a Cleveland, OH :  |b Telarc,  |c [1993] 
264 4 |c ℗1993 
300 |a 1 sound disc (approximately 53 min.) :  |b digital, stereo. ;  |c 4 3/4 in. 
306 |a 001507  |a 002011  |a 001625 
336 |a performed music  |b prm  |2 rdacontent 
337 |a audio  |b s  |2 rdamedia 
338 |a audio disc  |b sd  |2 rdacarrier 
500 |a Compact disc. 
500 |a Performed on period instruments. 
511 0 |a Boston Baroque ; Martin Pearlman, director. 
518 |a Recorded in Mechanics Hall, Worcester, Mass., January 3-5, 1993. 
500 |a Digital recording. 
500 |a Program notes (19 pages) in English, German and French inserted in container. 
505 0 |a Concerto no. 4, BWV 1049 -- Concerto no. 5, BWV 1050 -- Concerto no. 6, BWV 1051. 
536 |a Gift from Gilbert and Thyra Plass Record Collection, 1995 (copy 2). 
500 |a Sound recording. 
650 0 |a Concerti grossi. 
700 1 |a Pearlman, Martin,  |d 1945-  |e conductor. 
710 2 |a Boston Baroque (Musical group) 
948 |a c:jlg 
999 |a MARS 
999 f f |s a14c9521-bb91-37f5-bff9-36c22a6e58c3  |i 4d07e869-a61b-36ff-b0a0-f0bd5f90378f  |t 0 
952 f f |p ric  |a Texas A&M University  |b Rellis Campus  |c Joint Library Facility  |d Remote Storage  |t 0  |e M1040.B13 B73 1993  |h Library of Congress classification  |i audio -- audio disc  |m A14823304399 
952 f f |p ric  |a Texas A&M University  |b Rellis Campus  |c Joint Library Facility  |d Remote Storage  |t 0  |e M1040.B13 B73 1993  |h Library of Congress classification  |i audio -- audio disc  |m A14836888182 
998 f f |a M1040.B13 B73 1993  |t 0  |l Remote Storage 
998 f f |a M1040.B13 B73 1993  |t 0  |l Remote Storage